Top 100 Girls' Names in England and Wales 1904 - Statistics

General Stats
  • This quiz has been taken 202 times
  • The average score is 54 of 100
Answer Stats
# First Letter Name % Correct
79 M Marie
100%
1 M Mary
100%
83 E Eliza
94%
9 E Elizabeth
93%
67 A Ann
91%
7 M Margaret
86%
51 E Emma
82%
23 E Emily
81%
34 C Catherine
79%
8 A Alice
78%
80 M Maria
75%
4 E Edith
74%
2 F Florence
74%
43 J Jane
74%
20 L Lily
72%
29 R Rose
72%
5 D Dorothy
71%
57 H Helen
71%
95 J Jean
71%
38 G Grace
69%
16 I Ivy
69%
71 L Laura
69%
17 V Violet
69%
15 | 66 L Lillian
68%
52 E Eleanor
67%
50 L Lucy
67%
97 E Ella
66%
10 E Elsie
66%
21 S Sarah
66%
6 | 61 A Annie
65%
37 F Frances
64%
75 C Charlotte
63%
90 J Joan
63%
19 E Ellen
62%
60 H Hannah
62%
74 I Isabella
62%
73 R Ruth
61%
31 E Evelyn
60%
47 D Daisy
59%
3 D Doris
59%
44 A Amy
58%
40 E Eva
58%
96 R Rachel
58%
13 E Ethel
57%
45 V Vera
56%
11 G Gladys
55%
55 N Nora
55%
85 A Amelia
54%
81 C Caroline
54%
64 M Martha
54%
18 K Kathleen
53%
26 B Beatrice
52%
42 E Edna
52%
30 O Olive
52%
92 I Iris
51%
62 N Norah
51%
12 W Winifred
51%
100 N Nancy
50%
39 I Irene
49%
82 B Barbara
48%
78 H Harriet
48%
68 M Marion
47%
59 C Clara
46%
54 D Dora
46%
76 E Esther
45%
33 G Gertrude
45%
63 K Kate
45%
53 L Louisa
45%
22 N Nellie
45%
88 J Janet
43%
77 R Ruby
43%
98 M Margery
41%
27 M Marjorie
41%
25 A Ada
40%
58 I Ida
39%
49 M Maud
39%
28 M May
39%
65 B Bertha
38%
70 E Eileen
37%
36 J Jessie
36%
89 F Fanny
35%
14 H Hilda
35%
94 M Miriam
35%
35 A Agnes
34%
24 M Mabel
33%
32 P Phyllis
33%
91 L Lydia
32%
72 M Mildred
31%
99 C Christina
28%
41 C Constance
28%
87 M Millicent
26%
56 G Gwendoline
23%
69 B Bessie
22%
46 M Muriel
22%
86 F Freda
21%
48 M Minnie
19%
93 B Blanche
11%
84 R Rosina
8%
No matching quizzes found
Score Distribution
Percent of People with Each Score
Percentile by Number Answered
Your Score History
You have not taken this quiz